QUEST Central Library Banner

Analytical geometry : (Record no. 6085)

MARC details
000 -LEADER
fixed length control field 01001nam a2200169 a 4500
020 ## - INTERNATIONAL STANDARD BOOK NUMBER
ISBN 1842654594 (hardcover)
020 ## - INTERNATIONAL STANDARD BOOK NUMBER
ISBN 9781842654590 (hardcover)
100 1# - MAIN ENTRY--AUTHOR NAME
Personal name Chatterjee, D.
245 10 - TITLE STATEMENT
Title Analytical geometry :
260 ## - PUBLICATION, DISTRIBUTION, ETC. (IMPRINT)
Place of publication [S.l.] :
Name of publisher Alpha Science Intl Ltd,
Year of publication 2009.
300 ## - PHYSICAL DESCRIPTION
Number of Pages 286 p. ;
520 ## - SUMMARY, ETC.
Summary, etc This book presents in an elegant way, the essentials of two and three dimensions of analytical geometry with plenty of examples to illustrate the basic ideas and to bequeath to the students numerous techniques of problem-solving. The exercises provide ample problems to supplement steady progress and to broaden the intuition of generalization. The overall approach is systematic, rigorous and least dependent on Euclidean propositions.
856 40 - ELECTRONIC LOCATION AND ACCESS
Uniform Resource Identifier http://www.amazon.com/exec/obidos/ASIN/1842654594/chopaconline-20
Holdings
Withdrawn status Lost status Home library Current library Date acquired Cost, normal purchase price Full call number Accession Number Koha item type
    Central Library, QUEST, Nawabshah Central Library, QUEST, Nawabshah 11/06/2014 479.00 512CHA 42077 Books

Copyright © 2018,The QUEST, Nawabshah, Shaheed Benazirabad. All rights reserved
Mr. G. Farooq Channar (Librarian) QUEST, Nawabshah, Sindh, Pakistan 67480.
 Ph#: |   0244-9370381-4 Ext. 2308   Email| lib@quest.edu.pk   Web|  http://www.quest.edu.pk